Library Banner

Hilal e Isteqlal(ہلال استقلال)/ (Record no. 109302)

MARC details
000 -LEADER
fixed length control field 00450nam a22001457a 4500
005 - DATE AND TIME OF LATEST TRANSACTION
control field 20181204095357.0
008 - FIXED-LENGTH DATA ELEMENTS--GENERAL INFORMATION
fixed length control field 181204b ||||| |||| 00| 0 eng d
040 ## - CATALOGING SOURCE
Transcribing agency PK-LaUMT
082 ## - DEWEY DECIMAL CLASSIFICATION NUMBER
Classification number RHC 355.03305491
Item number HAR-H
100 ## - MAIN ENTRY--PERSONAL NAME
Personal name Haroon ur Rasheed Tabasum
245 ## - TITLE STATEMENT
Title Hilal e Isteqlal(ہلال استقلال)/
Statement of responsibility, etc Haroon ur Rasheed Tabasum
260 ## - PUBLICATION, DISTRIBUTION, ETC. (IMPRINT)
Place of publication, distribution, etc سرگودھا:
Name of publisher, distributor, etc نظریہ پاکستان اکادمی
Date of publication, distribution, etc 2017
300 ## - PHYSICAL DESCRIPTION
Extent 224
942 ## - ADDED ENTRY ELEMENTS (KOHA)
Koha item type Books
Holdings
Withdrawn status Lost status Damaged status Home library Current library Date acquired Full call number Barcode Date last seen Price effective from Koha item type
      UMT Main Campus UMT Main Campus 2018-12-04 RHC 355.03305491 HAR-H 126793 2018-12-04 2018-12-04 Books